000 00984cam a22001934a 4500
005 20250605164149.0
008 250528s ||||||||||||||||||||||||d
035 _a19295
040 _aGR-AtMCL
_bgre
_dGR-AtMCL
_eAACR2
245 1 _aManaging Information / Certificate in Management: Book One
300 _a104
505 0 _aIntroduction, What is Information and Why is it Important?, Defining your Information Needs, Information in your Organisation, Evaluating Information, Sources of Information, Obtaining Information, Storing Information, Developing Storage Systems.
520 _aIntroduction, What is Information and Why is it Important?, Defining your Information Needs, Information in your Organisation, Evaluating Information, Sources of Information, Obtaining Information, Storing Information, Developing Storage Systems.
710 2 _aThe University Of York
_99771
942 _cBK
260 _bFinancial Times Management
999 _c4556
_d4556